Name marine animals by scientific name - Statistics

General Stats
  • This quiz has been taken 2 times
  • The average score is 4 of 15
Answer Stats
Hint Answer % Correct
Humpback whale Megaptera novaeangliae
100%
Barreleye Macropinna microstoma
50%
Bigfin squid Magnapinna pacifica
50%
Sharptail mola Masturus lanceolatus
50%
Sperm whale Physeter macrocephalus
50%
Tube-eye Stylephorus chordatus
50%
Evileye blaasop Amblyrhynchotes honckenii
0%
Blackfin spiderfish Bathypterois phenax
0%
Tadpole coffinfish Chaunacops melanostomus
0%
Exotic snaggletooth Eupogonesthes xenicus
0%
Southern blue-ringed octopus Hapalochlaena maculosa
0%
Cookiecutter shark Isistius brasiliensis
0%
Little seaweed crab Naxia tumida
0%
Hadal Snailfish Pseudoliparis amblystomopsis
0%
Shortbill spearfish Tetrapturus angustirostris
0%
No matching quizzes found
Score Distribution
Percent of People with Each Score
Percentile by Number Answered
Your Score History
You have not taken this quiz